000 00483pam a2200169 a 4500
020 _a0813387817 (acidfree paper) :
040 _cDLC
082 0 0 _a630 WES 1993 C148 Or.
100 1 _aAndrew, Chris O.
245 1 0 _aApplied agricultural research :
_bfoundations and methodology /
260 _aBoulder :
_bWestview Press,
_c1993.
300 _axiv, 223 p. :
_bill. ;
_c22 cm.
650 0 _aAgriculture
650 0 _aAgriculture
700 1 _aHildebrand, Peter E.
942 _cAEDBB
999 _c18603
_d18603